000 00610nam a2200241 a 4500
001 nice12345678
003 IN_TiNIC
005 20260116014139.0
008 050524s2003 newa grp 000 0 eng
020 _a812506X
_c350
082 0 0 _a324.245408
_bKAT
100 _aKatju, Manjari
245 _aVishva Hindu Parishad and Indian Politics
260 _aNew Delhi
_bOrient Blackswan
_c2003
300 _a186p
500 _aincludes index and biblioraphy
505 2 _aIndex
650 _aCommunalism-India
700 1 _aKatju, Manjari
902 _bSRS
942 _cBK
999 _c14082
_d14082